| 000 | 00786cam a2200181 4500 | ||
|---|---|---|---|
| 001 | ##L132522 | ||
| 008 | 060215n 000 0 eng u | ||
| 035 | _a(Sirsi) u132522 | ||
| 041 | 0 | _aeng | |
| 050 | 0 | 4 | _a333.0062 $2 18 |
| 110 | 2 |
_aIncorporated Society of Auctioneers and Landed Property Agents _94878 |
|
| 245 | 0 | 0 |
_aFellowship (or final) examination _bspring 1928-1939 |
| 260 |
_a[S.l.] _b[s.n.] _c1928-39 |
||
| 300 |
_a219p. _b10 folded leaves of plates _c21cm. |
||
| 520 | _aExam questions covering various topics such as valuation and report writing; rating and taxation; law of vendor and purchaser; law of mortgages and fixtures; and practical surveying and levelling, for the years 1928-1939. | ||
| 690 | _aCAREERS, EDUCATION AND TRAINING-QUALIFICATION ROUTES | ||
| 942 | _n0 | ||
| 999 |
_c105167 _d105167 |
||